Štátne kúpele Piešťany Liečebný dom Slovan

Zobrazenie: Pohľad na poschodovú budovu liečebného domu Slovan. Vľavo v popredí vidno múrik, sprava od neho je krík. Na chodníku vpravo v popredí vidno jednu ženu. Vľavo v pozadí pred budovou vidno vysoký ihličnatý strom. Vpravo v poazdí pred budovou vidno kvetinové záhony na trávnatej ploche...

Celý popis

Podrobná bibliografia
Médium: Pohľadnica
Jazyk:slovenčina
Fyzický popis:1 pohľadnica čiernobiela 11 x 15 cm
Vydavateľské údaje: Martin Bratislava Osveta, n. p. PK-HSVZ 1956
Predmet:

MARC

LEADER 00000nkm a2200000 a 4500
001 vtls011991269
003 SK-MaSNL
005 20260512123208.0
007 kp bo
008 231120s1956 xo g kuslo
015 |a SNBG1956 
035 |a urn:nbn:sk:snk-km00ei9d 
035 |a urn:nbn:sk:snk-km45x7q 
035 |a 98A54FC3-B1E4-42B4-8354-8544C18A21C1 
040 |a SNK  |b slo  |c SNK  |e AACR2 
041 0 |a slo 
043 |a e-xo--- 
044 |a xo  |c SK 
072 7 |a 913  |x Regionálna geografia  |2 konspekt 
080 |a 913(437.6)  |2 2011 
080 |a 614.2:[725.1:614.21]  |2 2011 
080 |a (084.121)  |2 2011 
080 |a 711.455:615.838  |2 2011 
080 |a 712.253  |2 2011 
245 0 0 |a Štátne kúpele Piešťany  |h grafika  |b Liečebný dom Slovan 
260 |a Martin  |b Osveta, n. p.  |a Bratislava  |b PK-HSVZ  |c 1956 
300 |a 1 pohľadnica  |b čiernobiela  |c 11 x 15 cm 
520 8 |a Zobrazenie: Pohľad na poschodovú budovu liečebného domu Slovan. Vľavo v popredí vidno múrik, sprava od neho je krík. Na chodníku vpravo v popredí vidno jednu ženu. Vľavo v pozadí pred budovou vidno vysoký ihličnatý strom. Vpravo v poazdí pred budovou vidno kvetinové záhony na trávnatej ploche 
610 2 7 |a Slovenské liečebné kúpele (Piešťany, Slovensko)  |2 SNKKA  |9 35776 
650 0 7 |a liečebne  |2 SNKPH  |9 56920 
650 0 7 |a kúpele  |2 SNKPH  |9 1139 
650 0 7 |a parky  |2 SNKPH  |9 2942 
651 7 |a Piešťany (Slovensko)  |2 SNKPHgeo  |9 23981 
655 7 |a miestne pohľadnice  |2 SNKPH  |9 70510 
852 |a Slovenská národná knižnica 
958 |a GC 
958 |a GBN 
958 |a OND 
958 |a EUIPO 
999 |c 695113  |d 697043 
952 |a SNK  |b SNK  |y PREZ  |7 0  |p 17A1380380  |o snkSP 97647  |z Pohľadnica prešla poštou.  |0 0  |1 0  |4 0  |d 2020-09-08  |f 1  |l 0  |r 2026-02-23 20:39:37  |w 2026-02-23